| 000 | 00355nam a2200133Ia 4500 | ||
|---|---|---|---|
| 008 | 231017s9999 xx 000 0 und d | ||
| 082 | _a620.136 | ||
| 082 | _bCER | ||
| 245 | 0 | _aCertified Technician Program Training Manual for Concrete Paving (Revised 2005) | |
| 245 | 0 | _cIndiana Dept Tn | |
| 260 | _bIndiana Dept Tn | ||
| 300 | _c30cm | ||
| 942 | _cREP | ||
| 999 |
_c603964 _d603964 |
||